Statistiques concernant Vainqueurs de la Série A

Cliquez ici pour prendre le quiz!

Statistiques générales

  • Ce quiz a été pris 307 fois
  • Le résultat moyen est 76 sur 120

Statistiques - réponses

HintRéponse% Correct
1909/10 | 1919/20 | 1929/30 | +16 othersInter Milan
91%
1901 | 1906 | 1907 | +16 othersMilan AC
85%
1986/87 | 1989/90Naples
85%
1883/84 | 1905 | 1925/26 | +33 othersJuventus Turin
74%
1973/74 | 1999/00Lazio Rome
64%
1941/42 | 1982/83 | 2000/01AS Rome
58%
1927/28 | 1942/43 | 1945/46 | +4 othersTorino
53%
1955/56 | 1968/69Fiorentina
50%
1990/91Sampdoria
39%
1898 | 1899 | 1900 | +6 othersGenoa
36%
1924/25 | 1926/27 | 1928/29 | +5 othersBologne
32%
1984/85Hellas Vérone
23%
1908 | 1909 | 1910/11 | +4 othersPro Vercelli
5%
2004/05Non attribué
3%
1969/70Caligari
2%
1913/14Casale
2%
1921/22USD Novese
0%

Distribution des résultats

Percentile par nombre de réponses

% des personnes avec chaque résultat

Votre développement - résultats

Vous n’avez pas pris ce quiz